000 01693nam a2200241Ia 4500
999 _c38809
_d38809
001 5178
003 GE_BSU
005 20190529214125.0
008 181216s1980||||ge |||||||||||||| ||geo||
040 _cGE_BSU
041 _ageo
080 _a725.382.011(072) ა-34
245 _aავტოსატრანსპორტო საწარმოების დაპროექტება :
_bმეთოდური მითითებები სადიპლომო პროექტის ტექნოლოგიური ნაწილის შესასრულებლად ავტომობილების ტექნიკურ ექსპლუატაციაში /
_cშემდგ. ხ. ხმიადაშვილი ; რედ. ე. გიორგაძე.
264 _aთბილისი :
_bსპი,
_c1980.
300 _a71. გვ. ;
_c20 სმ.
300 _eბიბლიოგრ.: გვ.69-70.
504 _aბიბლიოგრ. : გვ.69-70.
653 _aავტოსატრანსპორტო საწარმოების დაპროექტება
653 _aმეთოდური მითითებები სადიპლომო პროექტის ტექნოლოგიური ნაწილის შესასრულებლად ავტომობილების ტექნიკურ ექსპლუატაციაში
700 _aხმიადაშვილი, ხ.
_eშემდგენელი
_91826
700 _aგიორგაძე, ე.
_eრედაქტორი
_9398
942 _cBK
_2udc